000
00339nam a2200133Ia 4500
008
211105s9999||||xx |||||||||||||| ||und||
082
_a
RD 378.122 T926D
084
_b
08-00630
100
_a
Tünnermann Bernheim, Carlos
245
0
_a
Desafíos del docente universitario ante el siglo XXI
260
_c
2000
300
_a
0
999
_c
15833
_d
15833